Aplikácia štatistických metód pri plánovaní prevádzky call centra bakalárska práca

Gespeichert in:
Bibliographische Detailangaben
1. Verfasser: Kalina, Lukáš
Körperschaft: Fakulta hospodárskej informatiky EU. Katedra štatistiky
Weitere Verfasser: Vojtková, Mária, 1966-
Format: Buch
Sprache:Slowakisch
Veröffentlicht: Bratislava 2013
Tags: Tag hinzufügen
Keine Tags, Fügen Sie das erste Tag hinzu!

MARC

LEADER 00000nbm a2200000 4500
001 0173073
005 20161109112136.4
041 0 |a slo 
044 |a SK 
245 1 0 |a Aplikácia štatistických metód pri plánovaní prevádzky call centra  |b bakalárska práca  |c Lukáš Kalina ; školiteľ: Mária Vojtková 
264 1 |a Bratislava  |c 2013 
300 |a 40 s. 
100 1 |a Kalina, Lukáš 
700 1 |a Vojtková, Mária, 1966- 
710 2 |a Fakulta hospodárskej informatiky EU. Katedra štatistiky